000 01171nam a2200337 a 4500
001 000000135
003 DO-SdBNP
005 20210414094206.0
007 000000135
008 090130s2006 dr a 001 0 spa d
020 _a9993442569
040 _aBPMSU
_bspa
_cBPMSU
082 4 _aRD863.44
_bP426c, 2006
_2
092 _a
100 1 _aPeralta Romero, Rafael,
_d1948-
245 1 3 _aEl conejo en el espejo y otros cuentos para niños /
_cRafael Peralta Romero ; ilustraciones Leonel Bello
260 _aSanto Domingo :
_bDirección General de la Feria del Libro
_c2006
300 _a56 p. :
_bils. ;
_c21 cm.
490 1 _aEdiciones ferilibro
_v96
500 _aIncluye datos biográficos del autor en la solapa de la cubierta
590 _6Inventariado, 2021/VM
650 4 _aCuentos infantiles dominicanos
650 4 _aLliteratura infantil dominicna
700 _aBello, Leonel
_eils.
710 2 _aDirección General de la Feria del Libro (República Dominicana)
830 0 _aEdiciones ferilibro
_v96
910 _aVMateo
942 _2ddc
_cBK
945 _aInventariado infantil / 2017 VM
956 _aVMATEO
_b10
_c20150922
_lBPMSU
_h0069
999 _c7263
_d7263